00886cam a2200253 a 450000100060000000300080000600500170001400800390003102000250007002000220009503500190011704000580013604100080019408200240020210000170022624500780024326000620032130000600038350400640044360000260050765000330053365100410056665100250060723959BD-RjUL20211209001006.0140312r20092008enkaf b 001 0beng a9781845116361 (pbk.) a1845116364 (pbk.) a(BD-RjUL)24024 aUKMcUKMdYDXCPdBTCTAdBWKUKdNSLdANLdBD-RjULbeng aeng04a955.061092222bNAA1 aNaji, Kasra.10aAhmadinejad :bthe secret history of Iran's radical leader /cKasra Naji. aLondon ;aNew York :bI.B. Tauris,c2008 [reprinted 2009] axiv, 298 p., [4] p. of plates :bill., ports. ;c22 cm. aIncludes bibliographical references (p. 273-287) and index.10aAhmadinejad, Mahmoud. 0aPresidentszIranvBiography. 0aIranxPolitics and governmenty1997- 0aIranxHistoryy1997-